Welcome to CU Library Online Public Access Catalogue (OPAC)

THE FAITH OF ISRAEL (Record no. 6751)

MARC details
000 -LEADER
fixed length control field 00348nam a22001457a 4500
005 - DATE AND TIME OF LATEST TRANSACTION
control field 20250628101607.0
008 - FIXED-LENGTH DATA ELEMENTS--GENERAL INFORMATION
fixed length control field 250628b |||||||| |||| 00| 0 eng d
050 ## - LIBRARY OF CONGRESS CALL NUMBER
Classification number BS1192
Item number .5 DUM
100 ## - MAIN ENTRY--PERSONAL NAME
Personal name DUMBRELL J. WILLIAM
245 ## - TITLE STATEMENT
Title THE FAITH OF ISRAEL
250 ## - EDITION STATEMENT
Edition statement 2ND
260 ## - PUBLICATION, DISTRIBUTION, ETC.
Place of publication, distribution, etc. LEICESTER
Name of publisher, distributor, etc. APOLLOS
Date of publication, distribution, etc. c1988
300 ## - PHYSICAL DESCRIPTION
Extent 347p
942 ## - ADDED ENTRY ELEMENTS (KOHA)
Source of classification or shelving scheme Library of Congress Classification
Koha item type Books
Suppress in OPAC No
999 ## -
-- 6751
-- 6751
Holdings
Withdrawn status Lost status Source of classification or shelving scheme Damaged status Not for loan Collection Home library Current library Shelving location Date acquired Total checkouts Full call number Barcode Date last seen Copy number Price effective from Koha item type
    Library of Congress Classification     Non-fiction Undergraduate Library (Christ Temple) Undergraduate Library (Christ Temple) General stacks 06/28/2025   BS1192.5 DUM ulct00003602 06/28/2025 1 06/07/2025 Books
    Library of Congress Classification     Non-fiction Undergraduate Library (Christ Temple) Undergraduate Library (Christ Temple) General stacks 06/28/2025   BS1192.5 DUM ulct00003603 06/28/2025 2 06/07/2025 Books
© 2023-2024 Copyright: Central University Libraries. All Rights Reserved | Created by: Mahone Tech Office